effect of transplanting depths on growth and yield ofphkar rumduol rice at royal university of agriculture (ឥទ្ធិពលនៃជម្រៅសន្ទូងលើការលូតលាស់ និង ទិន្នផលពូជស្រូវផ្ការំដួល នៅសាកលវិទ្យាល័យភូមិន្ទកសិកម្ម) (Record no. 1046)

000 -LEADER
fixed length control field 00729nam a22001337a 4500
040 ## - CATALOGING SOURCE
Transcribing agency RUA
082 ## - DEWEY DECIMAL CLASSIFICATION NUMBER
Classification number AGR CHE 2010 B045 Or.1
100 ## - MAIN ENTRY--AUTHOR NAME
Personal name CHEA, VANDY.
245 ## - TITLE STATEMENT
Title effect of transplanting depths on growth and yield ofphkar rumduol rice at royal university of agriculture (ឥទ្ធិពលនៃជម្រៅសន្ទូងលើការលូតលាស់ និង ទិន្នផលពូជស្រូវផ្ការំដួល នៅសាកលវិទ្យាល័យភូមិន្ទកសិកម្ម)
260 ## - PUBLICATION, DISTRIBUTION, ETC. (IMPRINT)
Place of publication Phnom Penh
Name of publisher RUA
Year of publication 2010
300 ## - PHYSICAL DESCRIPTION
Number of Pages xi, 44p.
Other physical details ill.
Dimensions 29cm.
856 ## - ELECTRONIC LOCATION AND ACCESS
Uniform Resource Identifier https://drive.google.com/file/d/1Le4saexH2JTJNdOUrHkmsaAhLs7lQxof/view?usp=sharing
942 ## - ADDED ENTRY ELEMENTS (KOHA)
Koha item type AGR
952 ## - LOCATION AND ITEM INFORMATION (KOHA)
Withdrawn status [LOCAL, KOHA] 0
952 ## - LOCATION AND ITEM INFORMATION (KOHA)
Withdrawn status [LOCAL, KOHA] 0
952 ## - LOCATION AND ITEM INFORMATION (KOHA)
Withdrawn status [LOCAL, KOHA] 0
952 ## - LOCATION AND ITEM INFORMATION (KOHA)
Withdrawn status [LOCAL, KOHA] 0
952 ## - LOCATION AND ITEM INFORMATION (KOHA)
Withdrawn status [LOCAL, KOHA] 0
952 ## - LOCATION AND ITEM INFORMATION (KOHA)
Withdrawn status [LOCAL, KOHA] 0
952 ## - LOCATION AND ITEM INFORMATION (KOHA)
Withdrawn status [LOCAL, KOHA] 0
952 ## - LOCATION AND ITEM INFORMATION (KOHA)
Withdrawn status [LOCAL, KOHA] 0
952 ## - LOCATION AND ITEM INFORMATION (KOHA)
Withdrawn status [LOCAL, KOHA] 0
952 ## - LOCATION AND ITEM INFORMATION (KOHA)
Withdrawn status [LOCAL, KOHA] 0
Holdings
Permanent Location Date acquired Koha item type Lost status Shelving location Barcode Current Location Full call number
Library Block B2015-09-22AGR B045RUA006639Library Block BAGR CHE 2010 B045 Or.1
Library Block B2015-09-22AGR B045RUA006471Library Block BAGR CHE 2010 B045 Or.2
Library Block B2015-09-22AGR B045RUA006183Library Block BAGR CHE 2010 B045 Or.3
Library Block B2015-09-22AGR B045RUA006109Library Block BAGR CHE 2010 B045 Or.4
Library Block B2015-09-22AGR B045RUA007000Library Block BAGR CHE 2010 B045 Or.5
Library Block B2015-09-23AGR B045RUA000738Library Block BAGR CHE 2010 B045 Or.6
Library Block B2015-09-23AGR B045RUA000437Library Block BAGR CHE 2010 B045 Or.7
Library Block B2015-09-23AGR B045RUA000492Library Block BAGR CHE 2010 B045 Or.8
Library Block B2015-09-23AGR B045RUA000365Library Block BAGR CHE 2010 B045 Or.9
Library Block C2016-10-26AGR  A00082Library Block CAGR CHE 2010 B045 Or.9
មជ្ឈមណ្ឌលឯការនៃសាកលវិទ្យាល័យភូមិន្ទកសិកម្មចំការដូង

Powered by Koha